La legislació d'estrangeria i l'administració local / [autor: Josep Mir Bagó] Josep Mir Bagó]
ISBN:
84-7794-832-1
Publicado:
[Barcelona] :
CRID, Consorci de Recursos per a la Integració de la Diversitat : Diputació de Barcelona, DL 2001
Descripción Física:
208 p. : taules ; 30 cm
MARC
| LEADER | 00000nam a2200000Ia 4500 | ||
|---|---|---|---|
| 001 | 16082 | ||
| 008 | 160829s9999 xx 000 0 cat d | ||
| 020 | |a 84-7794-832-1 | ||
| 080 | |a M-5-7 | ||
| 100 | |a Mir Bagó, Josep |9 21155 | ||
| 245 | |a La legislació d'estrangeria i l'administració local / [autor: |b Josep Mir Bagó] | ||
| 260 | |a [Barcelona] : |b CRID, Consorci de Recursos per a la Integració de la Diversitat : |b Diputació de Barcelona, DL 2001 | ||
| 300 | |a 208 p. : |b taules ; |c 30 cm | ||
| 590 | |a Exemplar no venal. | ||
| 590 | |a Annexos | ||
| 650 | |a Estrangers |x Dret i legislació |x Espanya |9 21156 | ||
| 650 | |a Estrangers |x Dret i legislació |x Catalunya |9 21157 | ||
| 650 | 0 | |a Estrangers |x Drets socials |x Catalunya |9 44812 | |
| 650 | |a Estrangers |x Drets socials |x Espanya |9 21159 | ||
| 710 | 1 | |a Barcelona (Catalunya : Província). |b Diputació |9 52408 | |
| 710 | |a Consorci de Recursos per a la Integració de la Diversitat |9 69856 | ||
| 901 | |a Arxiu | ||
| 942 | |n 1 | ||
| 952 | |0 0 |1 0 |4 0 |6 M57 |7 1 |9 42707 |a Arxiu |b Arxiu |d 2016-12-01 |l 0 |o M-5-7 |p 16082 |r 2016-12-01 00:00:00 |w 2016-12-01 |y ARXIU | ||
| 999 | |c 45213 |d 45213 | ||